| 000 | 00859cab a2200253 4500 | ||
|---|---|---|---|
| 001 | ABS56031 | ||
| 008 | 090401t1996 xxu||||| |||| 00| 0 eng d | ||
| 035 | _a(Sirsi) u20541 | ||
| 041 | _aeng | ||
| 100 | _aSmith, R. | ||
| 245 | _aNew rules for assured shorthold tenancies | ||
| 260 | _c1996 | ||
| 350 | _a0 | ||
| 490 |
_aEstates Gazette _v(9642) 19 October 1996, 150-151(2) |
||
| 520 | _aLooks at how the Housing Act 1996 affects assured shorthold tenancies, and considers how the changes might encourage more informal tenancies. | ||
| 650 | _aASSURED SHORTHOLD TENANCIES | ||
| 650 | _aHOUSING ACT 1988 S20 | ||
| 650 | _aHOUSING ACT 1996 | ||
| 650 | _aINFORMAL TENANCIES | ||
| 650 | _aSHORTHOLD TENANCIES | ||
| 690 | _aPROPERTY-RESIDENTIAL PROPERTY-RESIDENTIAL LANDLORD AND TENANT-RESIDENTIAL TENANCIES | ||
| 942 | _n0 | ||
| 948 | _c04/03/1997 | ||
| 999 |
_c13762 _d13762 |
||